[Event "Jonava Banaitis Memorial"]
[Site "Jonava"]
[Date "2020.01.19"]
[Round "2.10"]
[White "Vedrickas, Tautvydas"]
[Black "Silkaitis, Laimis"]
[Result "1-0"]
[WhiteElo "2219"]
[BlackElo "1840"]
[PlyCount "63"]
[EventDate "2020.01.19"]
[EventType "swiss (rapid)"]
[EventRounds "9"]
[EventCountry "LTU"]
[SourceTitle "EXT 2023"]
[Source "ChessBase"]
[SourceDate "2022.10.05"]
[SourceVersion "1"]
[SourceVersionDate "2022.10.05"]
[SourceQuality "1"]

1. d4 d5 2. c4 e6 3. Nc3 a6 4. cxd5 exd5 5. Nf3 Nf6 6. Bg5 Be7 7. e3 0-0 8. Bd3 Be6 9. Qc2 Nbd7 10. Ne5 h6 11. Bxf6 Nxf6 12. 0-0 c5 13. dxc5 Bxc5 14. Rfd1 Rc8 15. Bf5 Qe7 16. Nf3 Rfd8 17. Nd4 b5 18. a3 Nd7 19. Qe2 Nb6 20. Qg4 Bxd4 21. Rxd4 Rc4 22. Bxe6 fxe6 23. a4 b4 24. Ne2 a5 25. b3 Rc2 26. h3 Nd7 27. Nf4 Re8 28. Rad1 Nf6 29. Qg6 Ne4 30. f3 e5 31. Nxd5 Qd6 32. Qxe8+ 1-0

[Event "Baltija Cup 16th"]
[Site "Palanga"]
[Date "2019.06.17"]
[Round "1"]
[White "Silkaitis, Laimis"]
[Black "Laurusas, Tomas"]
[Result "0-1"]
[WhiteElo "1744"]
[BlackElo "2507"]
[PlyCount "58"]
[EventDate "2019.06.17"]
[EventType "swiss"]
[EventRounds "7"]
[EventCountry "LTU"]
[SourceTitle "CBM 191 Extra"]
[Source "ChessBase"]
[SourceDate "2019.09.30"]
[SourceVersion "1"]
[SourceVersionDate "2019.09.30"]
[SourceQuality "1"]

1. d4 Nf6 2. c4 g6 3. g3 Bg7 4. Bg2 d5 5. cxd5 Nxd5 6. Nf3 0-0 7. 0-0 Nb6 8. Nc3 Nc6 9. e3 Re8 10. h3 a5 11. a4 e5 12. d5 Nb4 13. e4 c6 14. dxc6 bxc6 15. Qe2 Ba6 16. Qd1 Bxf1 17. Qxf1 Qd3 18. Qxd3 Nxd3 19. b3 Nxc1 20. Rxc1 Nd7 21. Nb1 Bf8 22. Rxc6 Rec8 23. Rxc8 Rxc8 24. Nbd2 Rc1+ 25. Kh2 f6 26. Nc4 Bb4 27. Nfd2 Rc2 28. Nf1 Rxf2 29. Nfe3 Kg7 0-1

[Event "LTU-chT"]
[Site "Lithuania"]
[Date "2019.03.30"]
[Round "4.2"]
[White "Silkaitis, Laimis"]
[Black "Barsciauskas, Gintautas"]
[Result "1-0"]
[WhiteElo "1739"]
[BlackElo "1588"]
[PlyCount "103"]
[EventDate "2019.01.26"]
[EventType "team-swiss"]
[EventRounds "7"]
[EventCountry "LTU"]
[SourceTitle "CBM 189 Extra"]
[Source "ChessBase"]
[SourceDate "2019.06.03"]
[SourceVersion "1"]
[SourceVersionDate "2019.06.03"]
[SourceQuality "1"]
[WhiteTeam "Kaunas Ezerelio II"]
[BlackTeam "Klaipeda Bokstas"]
[WhiteTeamCountry "LTU"]
[BlackTeamCountry "LTU"]

1. d4 d5 2. c4 dxc4 3. Nf3 Nf6 4. e3 c5 5. Bxc4 cxd4 6. exd4 e6 7. 0-0 Be7 8. Nc3 0-0 9. Ne5 Nbd7 10. Be3 Nb6 11. Bb3 Nbd5 12. Nxd5 Nxd5 13. Qe2 Bf6 14. f4 g6 15. Rac1 Re8 16. Rc5 Be7 17. Rc2 a5 18. Ba4 Rf8 19. a3 Bd6 20. Rfc1 Nb6 21. Bb5 Qe7 22. Bd3 Nd5 23. Qf3 Rb8 24. Bd2 Ra8 25. Bb5 Rd8 26. g3 Bc7 27. Bc4 Bb6 28. Bxd5 exd5 29. Be3 Bf5 30. Rc3 Be4 31. Qf2 Qe6 32. Nd3 Rac8 33. Nc5 Bxc5 34. dxc5 Rc6 35. Bd4 f6 36. Rb3 Rd7 37. Rb5 Ra6 38. Qe1 a4 39. Rb4 Rf7 40. Qd2 Qg4 41. Qf2 g5 42. Be3 h5 43. Rf1 h4 44. fxg5 hxg3 45. Qxg3 Qxg3+ 46. hxg3 f5 47. Rf4 Rh7 48. Rh4 Rg7 49. Bd4 Rh7 50. Rxh7 Kxh7 51. Rxb7+ Kg6 52. Rb6+ 1-0

[Event "Vilnius Zavanelli Memorial op-A"]
[Site "Vilnius"]
[Date "2018.10.25"]
[Round "5"]
[White "Silkaitis, Laimis"]
[Black "Povilaitis, Tomas"]
[Result "1/2-1/2"]
[WhiteElo "1716"]
[BlackElo "2008"]
[PlyCount "114"]
[EventDate "2018.10.22"]
[EventType "swiss"]
[EventRounds "9"]
[EventCountry "LTU"]
[SourceTitle "CBM 187 Extra"]
[Source "ChessBase"]
[SourceDate "2018.11.04"]
[SourceVersion "1"]
[SourceVersionDate "2018.11.04"]
[SourceQuality "1"]

1. d4 Nf6 2. c4 c5 3. d5 b5 4. cxb5 a6 5. bxa6 g6 6. Nc3 Bg7 7. g3 d6 8. Bg2 0-0 9. Nf3 Bxa6 10. 0-0 Nbd7 11. Rb1 Qc7 12. Qc2 Rfb8 13. b3 Rb7 14. Bb2 Rab8 15. Rfc1 Qa5 16. Nd2 Ne5 17. h3 Bh6 18. f4 Ned7 19. e3 Nb6 20. a3 Nbd7 21. Kh2 Qb6 22. Re1 Nh5 23. g4 Nxf4 24. exf4 Bxf4+ 25. Kh1 Ne5 26. Rxe5 Bxe5 27. Na4 Qd8 28. Bxe5 dxe5 29. Nxc5 Rc7 30. b4 Qd6 31. Nde4 Qb6 32. Rd1 Rd8 33. Qb2 Ra7 34. Qxe5 Bb7 35. Qxe7 Bxd5 36. Qg5 h6 37. Qe5 Bxe4 38. Rxd8+ Qxd8 39. Nxe4 Rxa3 40. Nf6+ Kf8 41. Nh7+ Kg8 42. Nf6+ Kf8 43. Nh7+ Kg8 44. Nf6+ Kf8 45. Nd5 Kg8 46. b5 Rb3 47. b6 Rxb6 48. Nxb6 Qxb6 49. Qe8+ Kg7 50. Qe5+ Kg8 51. Qf4 Kg7 52. Qe5+ Kg8 53. Bd5 Qf2 54. Bg2 Qb6 55. Qf4 Kg7 56. Bd5 Qa7 57. Kg2 Qd7 1/2-1/2

[Event "Vilnius Zavanelli Memorial op-A"]
[Site "Vilnius"]
[Date "2018.10.25"]
[Round "6"]
[White "Silkaitis, Laimis"]
[Black "Strybuk, Artsiom I"]
[Result "0-1"]
[WhiteElo "1716"]
[BlackElo "2106"]
[PlyCount "55"]
[EventDate "2018.10.22"]
[EventType "swiss"]
[EventRounds "9"]
[EventCountry "LTU"]
[SourceTitle "CBM 187 Extra"]
[Source "ChessBase"]
[SourceDate "2018.11.04"]
[SourceVersion "1"]
[SourceVersionDate "2018.11.04"]
[SourceQuality "1"]

1. d4 Nf6 2. c4 c5 3. d5 b5 4. cxb5 a6 5. bxa6 g6 6. Nc3 Bxa6 7. g3 d6 8. Bg2 Bg7 9. Nf3 Nbd7 10. Rb1 0-0 11. 0-0 Qa5 12. Bd2 Rfb8 13. Qc2 Qd8 14. Rfe1 Bc4 15. e4 Bxa2 16. Nxa2 Rxa2 17. Bc3 Ng4 18. Bxg7 Kxg7 19. h3 Ngf6 20. Re2 Rb4 21. Ne1 c4 22. Qc3 Qb6 23. Nc2 Rbxb2 24. Rxb2 Qxb2 25. Qxc4 Ne5 26. Qc7 Qc1+ 27. Bf1 Nf3+ 28. Kg2 0-1

[Event "LTU-ch"]
[Site "Kaunas"]
[Date "2018.03.05"]
[Round "6"]
[White "Barsciauskas, Gintautas"]
[Black "Silkaitis, Laimis"]
[Result "0-1"]
[WhiteElo "1657"]
[BlackElo "1614"]
[PlyCount "88"]
[EventDate "2018.03.02"]
[EventType "swiss"]
[EventRounds "9"]
[EventCountry "LTU"]
[SourceTitle "CBM 183 Extra"]
[Source "ChessBase"]
[SourceDate "2018.04.19"]
[SourceVersion "1"]
[SourceVersionDate "2018.04.19"]
[SourceQuality "1"]

1. Nf3 d5 2. e3 Nf6 3. c4 e6 4. b3 Be7 5. Bb2 0-0 6. Be2 b6 7. 0-0 Nbd7 8. d4 Bb7 9. Ne5 Rc8 10. f4 Ne4 11. Nd2 Ndf6 12. Ndf3 c5 13. Rc1 Nd6 14. g4 Nfe4 15. Ne1 f6 16. N5f3 Qd7 17. Ng2 Rc7 18. Bd3 Rfc8 19. Qe2 cxd4 20. exd4 Nf7 21. Ne3 Bd6 22. Ne1 a5 23. N1g2 Bb4 24. Rc2 Qe7 25. Rd1 a4 26. Ne1 axb3 27. axb3 Ra8 28. Ra1 Qd8 29. Nf3 Bc6 30. f5 exf5 31. gxf5 Rxa1+ 32. Bxa1 Ra7 33. Bb2 Re7 34. cxd5 Bxd5 35. Bc4 Bxc4 36. bxc4 Neg5 37. Nxg5 Nxg5 38. Qd3 Qe8 39. Bc1 Bd6 40. Kg2 Qh5 41. Nf1 Qg4+ 42. Kh1 Nf3 43. Rg2 Qxg2+ 44. Kxg2 Ne1+ 0-1

[Event "LTU-ch"]
[Site "Kaunas"]
[Date "2018.03.04"]
[Round "5"]
[White "Silkaitis, Laimis"]
[Black "Kavaliauskas, Tomas"]
[Result "1-0"]
[WhiteElo "1614"]
[BlackElo "1355"]
[PlyCount "65"]
[EventDate "2018.03.02"]
[EventType "swiss"]
[EventRounds "9"]
[EventCountry "LTU"]
[SourceTitle "CBM 183 Extra"]
[Source "ChessBase"]
[SourceDate "2018.04.19"]
[SourceVersion "1"]
[SourceVersionDate "2018.04.19"]
[SourceQuality "1"]

1. d4 Nf6 2. c4 c5 3. d5 b5 4. Nc3 bxc4 5. e4 d6 6. Bxc4 g6 7. Nf3 Bg7 8. 0-0 0-0 9. Qc2 Nbd7 10. Nd2 Ne5 11. Be2 Rb8 12. f4 Ned7 13. Nc4 Qc7 14. Be3 Nb6 15. Rab1 Nxc4 16. Bxc4 Ng4 17. Bc1 Bd4+ 18. Kh1 Ne3 19. Bxe3 Bxe3 20. Qd3 Bd4 21. Nb5 Qa5 22. Nxd4 cxd4 23. Qxd4 Ba6 24. Bxa6 Qxa6 25. a3 Rfc8 26. Rfc1 h5 27. h3 f6 28. e5 fxe5 29. fxe5 Rxc1+ 30. Rxc1 Qe2 31. e6 Qxb2 32. Rc8+ Kh7 33. Rh8+ 1-0

[Event "LTU-ch"]
[Site "Kaunas"]
[Date "2018.03.02"]
[Round "1"]
[White "Silkaitis, Laimis"]
[Black "Kasparavicius, Laimutis"]
[Result "0-1"]
[WhiteElo "1614"]
[BlackElo "2045"]
[PlyCount "90"]
[EventDate "2018.03.02"]
[EventType "swiss"]
[EventRounds "9"]
[EventCountry "LTU"]
[SourceTitle "CBM 183 Extra"]
[Source "ChessBase"]
[SourceDate "2018.04.19"]
[SourceVersion "1"]
[SourceVersionDate "2018.04.19"]
[SourceQuality "1"]

1. d4 d6 2. e4 Nf6 3. Nc3 c6 4. Nf3 Bg4 5. Be2 e6 6. h3 Bh5 7. Be3 d5 8. e5 Nfd7 9. 0-0 Bxf3 10. Bxf3 c5 11. Ne2 cxd4 12. Bxd4 Nc6 13. c4 Ndxe5 14. Bxe5 Nxe5 15. Qa4+ Qd7 16. Qxd7+ Kxd7 17. cxd5 Nxf3+ 18. gxf3 e5 19. Rac1 Bd6 20. Rc2 Rac8 21. Rfc1 Rxc2 22. Rxc2 f5 23. a3 Rf8 24. Nc3 Rc8 25. Re2 Bxa3 26. bxa3 Rxc3 27. Rxe5 g6 28. Re6 Rxa3 29. Rf6 b5 30. Rf7+ Kd6 31. Rxh7 Kxd5 32. Rb7 Kc6 33. Rg7 b4 34. Rxg6+ Kd5 35. Rg8 Ra6 36. Rd8+ Ke5 37. Rd1 b3 38. Kg2 Rg6+ 39. Kf1 Rb6 40. Ke2 a5 41. Ke3 b2 42. f4+ Kf6 43. Rb1 a4 44. Kd2 a3 45. Kc2 Rc6+ 0-1

[Event "LTU-ch U14"]
[Site "Kaunas"]
[Date "2017.04.10"]
[Round "8"]
[White "Silkaitis, Laimis"]
[Black "Aleknavicius, Andrius"]
[Result "1/2-1/2"]
[WhiteElo "1676"]
[BlackElo "1615"]
[PlyCount "51"]
[EventDate "2017.04.05"]
[EventType "swiss"]
[EventRounds "8"]
[EventCountry "LTU"]
[SourceTitle "CBM 177 Extra"]
[Source "ChessBase"]
[SourceDate "2017.04.27"]
[SourceVersion "1"]
[SourceVersionDate "2017.04.27"]
[SourceQuality "1"]

1. d4 f5 2. Bg5 g6 3. Nd2 Bg7 4. e4 fxe4 5. Nxe4 d5 6. Ng3 Nf6 7. Bxf6 exf6 8. Qd2 0-0 9. 0-0-0 Be6 10. Bd3 Nd7 11. N1e2 c6 12. h4 b5 13. h5 f5 14. hxg6 hxg6 15. Nf4 Qf6 16. Nxe6 Qxe6 17. Ne2 Qf7 18. c3 a5 19. Nf4 b4 20. g4 bxc3 21. bxc3 c5 22. dxc5 Nxc5 23. Bc2 Ne4 24. Bxe4 dxe4 25. Qd5 Qxd5 26. Nxd5 1/2-1/2

[Event "LTU-ch U14"]
[Site "Kaunas"]
[Date "2017.04.06"]
[Round "3"]
[White "Mecelis, Arturas J"]
[Black "Silkaitis, Laimis"]
[Result "0-1"]
[WhiteElo "1394"]
[BlackElo "1676"]
[PlyCount "108"]
[EventDate "2017.04.05"]
[EventType "swiss"]
[EventRounds "8"]
[EventCountry "LTU"]
[SourceTitle "CBM 177 Extra"]
[Source "ChessBase"]
[SourceDate "2017.04.27"]
[SourceVersion "1"]
[SourceVersionDate "2017.04.27"]
[SourceQuality "1"]

1. d4 d6 2. c4 g6 3. Nf3 Bg7 4. Bf4 e6 5. e3 Ne7 6. Nc3 Nd7 7. Be2 0-0 8. 0-0 b6 9. e4 Bb7 10. d5 e5 11. Bc1 h6 12. Nd2 f5 13. h3 f4 14. Bg4 Nf6 15. Kh2 Bc8 16. Bxc8 Qxc8 17. Ne2 g5 18. g3 Ng6 19. g4 Kf7 20. f3 Rh8 21. Kg2 h5 22. Nc3 Qd7 23. Rh1 Rh7 24. Rh2 Rah8 25. Nf1 hxg4 26. fxg4 c6 27. b3 cxd5 28. cxd5 Nh4+ 29. Kf2 Qc7 30. Bb2 Qc5+ 31. Ke1 Qg1 32. Qe2 f3 33. Qe3 Ng2+ 34. Rxg2 Qxe3+ 35. Nxe3 fxg2 36. Kf2 Rxh3 37. Rg1 a6 38. Ba3 Nxg4+ 39. Nxg4 Rxc3 40. Bxd6 Rc2+ 41. Kg3 Rc3+ 42. Kxg2 Re8 43. Rf1+ Kg6 44. Rf2 Rc1 45. Kf3 Rc3+ 46. Kg2 Kh5 47. Nh2 g4 48. Rf5+ Kh4 49. Rf7 Rc2+ 50. Kg1 Bh6 51. Rf5 Be3+ 52. Kf1 Bf4 53. Kg1 Bxh2+ 54. Kf1 g3 0-1

[Event "LTU-ch U14"]
[Site "Kaunas"]
[Date "2017.04.06"]
[Round "2"]
[White "Silkaitis, Laimis"]
[Black "Gucaga, Augustas"]
[Result "0-1"]
[WhiteElo "1676"]
[BlackElo "1892"]
[PlyCount "82"]
[EventDate "2017.04.05"]
[EventType "swiss"]
[EventRounds "8"]
[EventCountry "LTU"]
[SourceTitle "CBM 177 Extra"]
[Source "ChessBase"]
[SourceDate "2017.04.27"]
[SourceVersion "1"]
[SourceVersionDate "2017.04.27"]
[SourceQuality "1"]

1. d4 Nf6 2. Nf3 g6 3. g3 Bg7 4. Bg2 0-0 5. 0-0 d6 6. Re1 Nbd7 7. e4 e5 8. Nc3 c6 9. h3 Qc7 10. a4 a5 11. Be3 Rd8 12. Qd2 Nb6 13. Qe2 Be6 14. b3 exd4 15. Bxd4 d5 16. exd5 Nbxd5 17. Nxd5 Bxd5 18. Bb2 Re8 19. Qf1 Qb6 20. Ne5 Rad8 21. Nc4 Qb4 22. Bxd5 cxd5 23. Ne5 Ne4 24. Nd3 Qb6 25. Qg2 Nc3 26. Qf3 d4 27. Rxe8+ Rxe8 28. Re1 Rxe1+ 29. Nxe1 Nxa4 30. Ba3 Nc3 31. Nd3 h6 32. Bc5 Qc7 33. Qg4 b6 34. Ba3 Nb5 35. Bb2 Qxc2 36. Qf3 Qxb3 37. Qe4 Nd6 38. Qf3 a4 39. Bc1 Nc4 40. Qa8+ Kh7 41. Nf4 Qd1+ 0-1

[Event "LTU-chT"]
[Site "Lithuania"]
[Date "2017.03.18"]
[Round "6.6"]
[White "Gucaga, Augustas"]
[Black "Silkaitis, Laimis"]
[Result "1-0"]
[WhiteElo "1841"]
[BlackElo "1691"]
[PlyCount "85"]
[EventDate "2017.01.28"]
[EventType "team-swiss"]
[EventRounds "7"]
[EventCountry "LTU"]
[SourceTitle "EXT 2018"]
[Source "ChessBase"]
[SourceDate "2017.10.13"]
[SourceVersion "1"]
[SourceVersionDate "2017.10.13"]
[SourceQuality "1"]
[WhiteTeam "Kaunas Margiris II"]
[BlackTeam "Kaunas Mirazas"]
[WhiteTeamCountry "LTU"]
[BlackTeamCountry "LTU"]

1. e4 d6 2. d4 g6 3. Nc3 Bg7 4. Bc4 e6 5. Nf3 Ne7 6. Bb3 a6 7. h4 h5 8. Be3 b5 9. a4 b4 10. Ne2 a5 11. Qd2 Bb7 12. Ng5 d5 13. f3 Qd7 14. Nf4 c5 15. dxc5 Bxb2 16. Bd4 Bxd4 17. Qxd4 Rg8 18. Nh7 Nbc6 19. Nf6+ Kd8 20. Qd2 Qc7 21. Nxg8 Nxg8 22. 0-0-0 Qe5 23. Kb1 d4 24. Ne2 Qxc5 25. Nxd4 Nxd4 26. Qxd4+ Qxd4 27. Rxd4+ Kc7 28. Rhd1 Bc6 29. e5 Ne7 30. Rf4 Nf5 31. g4 hxg4 32. fxg4 Nh6 33. Kb2 Be8 34. Rd6 Ng8 35. h5 g5 36. Rc4+ Kb7 37. Rcd4 Kc7 38. c3 bxc3+ 39. Kxc3 Ne7 40. h6 Ng6 41. Bc2 Nxe5 42. h7 Bc6 43. Rd8 1-0

[Event "LTU-chT"]
[Site "Lithuania"]
[Date "2017.02.18"]
[Round "4.10"]
[White "Silkaitis, Laimis"]
[Black "Vainauskas, Haroldas"]
[Result "1-0"]
[WhiteElo "1691"]
[BlackElo "1284"]
[PlyCount "85"]
[EventDate "2017.01.28"]
[EventType "team-swiss"]
[EventRounds "7"]
[EventCountry "LTU"]
[SourceTitle "CBM 176 Extra"]
[Source "ChessBase"]
[SourceDate "2017.03.02"]
[SourceVersion "1"]
[SourceVersionDate "2017.03.02"]
[SourceQuality "1"]
[WhiteTeam "Kaunas Mirazas"]
[BlackTeam "Klaipeda II"]
[WhiteTeamCountry "LTU"]
[BlackTeamCountry "LTU"]

1. d4 Nf6 2. Nf3 g6 3. g3 d5 4. Bg2 Bg7 5. 0-0 0-0 6. a4 a5 7. b3 b6 8. Bb2 Ba6 9. Re1 e6 10. Nbd2 Nbd7 11. c3 Rc8 12. e4 c5 13. e5 Ne8 14. Rc1 Bh6 15. Nh4 Bg5 16. Nhf3 Bh6 17. Ra1 Ng7 18. Nf1 Nf5 19. Bc1 Bxc1 20. Rxc1 c4 21. Ne3 Nxe3 22. Rxe3 cxb3 23. Qxb3 Bc4 24. Qb2 Ba6 25. Nd2 Qe7 26. Nb1 Rc4 27. Bf1 Rfc8 28. Nd2 Rxa4 29. Bxa6 Ra8 30. Bb5 Ra3 31. Bxd7 Rxc3 32. Rexc3 Qxd7 33. Qxb6 Rd8 34. Qxd8+ Qxd8 35. Rc8 Qxc8 36. Rxc8+ Kg7 37. Ra8 a4 38. Rxa4 f6 39. Ra7+ Kf8 40. exf6 e5 41. dxe5 g5 42. e6 g4 43. Ra8# 1-0

[Event "Kaunas Naujametinis U16 op 46th"]
[Site "Kaunas"]
[Date "2017.01.03"]
[Round "3"]
[White "Silkaitis, Laimis"]
[Black "Gucaga, Augustas"]
[Result "1/2-1/2"]
[WhiteElo "1691"]
[BlackElo "1841"]
[PlyCount "78"]
[EventDate "2017.01.02"]
[EventType "swiss"]
[EventRounds "6"]
[EventCountry "LTU"]
[SourceTitle "CBM 176 Extra"]
[Source "ChessBase"]
[SourceDate "2017.03.02"]
[SourceVersion "1"]
[SourceVersionDate "2017.03.02"]
[SourceQuality "1"]

1. d4 Nf6 2. Nf3 g6 3. g3 Bg7 4. Bg2 0-0 5. 0-0 d6 6. a4 c6 7. Nc3 Nbd7 8. a5 Qc7 9. e4 e5 10. h3 Rd8 11. Qe2 Nf8 12. Be3 Ne6 13. Rfd1 exd4 14. Nxd4 d5 15. exd5 Nxd5 16. Nxd5 cxd5 17. c3 Nxd4 18. Bxd4 Be6 19. Bxg7 Kxg7 20. a6 bxa6 21. c4 Re8 22. Qf1 dxc4 23. Bxa8 Rxa8 24. Rxa6 Qb7 25. Rxe6 fxe6 26. Qxc4 Qxb2 27. Qxe6 Rf8 28. Qe7+ Kg8 29. Qxa7 Rf7 30. Rd8+ Kg7 31. Qd4+ Qxd4 32. Rxd4 Rb7 33. Rd6 Re7 34. Kg2 Rf7 35. g4 Re7 36. Kf3 Rf7+ 37. Kg3 Re7 38. Ra6 Rd7 39. Rb6 Re7 1/2-1/2

[Event "Kaunas Naujametinis U16 op 46th"]
[Site "Kaunas"]
[Date "2017.01.03"]
[Round "4"]
[White "Sukvietis, Airidas"]
[Black "Silkaitis, Laimis"]
[Result "1/2-1/2"]
[WhiteElo "1188"]
[BlackElo "1691"]
[PlyCount "185"]
[EventDate "2017.01.02"]
[EventType "swiss"]
[EventRounds "6"]
[EventCountry "LTU"]
[SourceTitle "CBM 176 Extra"]
[Source "ChessBase"]
[SourceDate "2017.03.02"]
[SourceVersion "1"]
[SourceVersionDate "2017.03.02"]
[SourceQuality "1"]

1. e4 c5 2. c3 d5 3. exd5 Qxd5 4. d4 Nf6 5. Nf3 e6 6. Be2 Nc6 7. 0-0 Be7 8. Bf4 0-0 9. Qd3 Rd8 10. Rd1 cxd4 11. cxd4 Qa5 12. Nc3 a6 13. a3 b5 14. b4 Qb6 15. Be3 Qb8 16. Qc2 Bb7 17. Bd3 g6 18. Ne4 Nxe4 19. Bxe4 Bf6 20. Rac1 Rc8 21. Qe2 Ne7 22. Rxc8+ Qxc8 23. Rc1 Qb8 24. Bxb7 Qxb7 25. Rc5 Qe4 26. Qc2 Qxc2 27. Rxc2 Rc8 28. Rxc8+ Nxc8 29. Kf1 Nd6 30. Ke2 Nc4 31. Bc1 Kf8 32. Kd3 Ke7 33. Nd2 Bg5 34. g3 Bxd2 35. Bxd2 Nxa3 36. Ke4 Nc4 37. Bc3 Kd6 38. f4 f5+ 39. Kd3 Kd5 40. h3 h5 41. h4 Nd6 42. Bd2 Ne4 43. Be1 Kc6 44. Ke2 Kb6 45. Kd3 Nd6 46. Bd2 Nc4 47. Bc3 a5 48. bxa5+ Nxa5 49. Bb4 Nc4 50. Ke2 Kc6 51. Kd3 Kd5 52. Bc3 Nd6 53. Bb4 Ne4 54. Be1 Kc6 55. Ke3 Kd5 56. Kd3 Nd6 57. Bb4 Nf7 58. Ba5 Nd6 59. Bb4 Nb7 60. Bd2 Nd8 61. Ba5 Nc6 62. Bc3 b4 63. Bd2 Nxd4 64. Bxb4 Nb5 65. Be7 Nc7 66. Bb4 Nb5 67. Ke3 Nd6 68. Bxd6 Kxd6 69. Kd4 Ke7 70. Kc4 Kd6 71. Kd4 Ke7 72. Kc4 Kd7 73. Kd3 Kd6 74. Kd4 e5+ 75. fxe5+ Ke6 76. Kd3 Kxe5 77. Ke3 Ke6 78. Ke2 Kf6 79. Kf3 g5 80. hxg5+ Kxg5 81. Kf2 Kg4 82. Kg2 h4 83. gxh4 Kxh4 84. Kf3 Kg5 85. Kg3 Kf6 86. Kf4 Ke6 87. Kf3 Ke5 88. Ke3 f4+ 89. Kf3 Kf5 90. Kf2 Ke4 91. Ke2 f3+ 92. Kf2 Kf4 93. Kf1 1/2-1/2

[Event "Kaunas Butnorius 70 op"]
[Site "Kaunas"]
[Date "2016.08.02"]
[Round "3"]
[White "Silkaitis, Laimis"]
[Black "Pucius, Benas"]
[Result "1-0"]
[WhiteElo "1720"]
[BlackElo "1226"]
[PlyCount "91"]
[EventDate "2016.08.01"]
[EventType "swiss"]
[EventRounds "9"]
[EventCountry "LTU"]
[SourceTitle "CBM 173 Extra"]
[Source "ChessBase"]
[SourceDate "2016.08.29"]
[SourceVersion "1"]
[SourceVersionDate "2016.08.29"]
[SourceQuality "1"]

1. d4 d5 2. c4 c6 3. cxd5 cxd5 4. Bf4 Nc6 5. Nc3 Bf5 6. e3 Nb4 7. Qa4+ Nc6 8. Bb5 Bd7 9. Nxd5 Rc8 10. Nc3 e6 11. Nf3 a6 12. Bxc6 Bxc6 13. Qd1 Bb4 14. 0-0 Nf6 15. Rc1 Ne4 16. Nxe4 Bxe4 17. Qa4+ b5 18. Qxb4 Bxf3 19. gxf3 h6 20. Qd6 Qxd6 21. Bxd6 Rd8 22. Bb4 Rh7 23. Rc6 Rd5 24. Rfc1 f6 25. Rc8+ Kf7 26. R1c5 Rg5+ 27. Kf1 f5 28. h4 Rh5 29. R5c7+ Kg6 30. Be7 f4 31. e4 b4 32. Rf8 Ra5 33. Rc6 b3 34. axb3 Rb5 35. Rxe6+ Kh5 36. d5 g5 37. hxg5 hxg5 38. Rg8 Rb7 39. Rxg5+ Kh4 40. Rg7+ Rxe7 41. Rexe7 Rh5 42. d6 Rc5 43. d7 Rc1+ 44. Kg2 Rc5 45. Rh7+ Kg5 46. d8Q 1-0

[Event "LTU Grand Prix-chT"]
[Site "Kaunas"]
[Date "2016.03.06"]
[Round "3.1"]
[White "Silkaitis, Laimis"]
[Black "Lileikis, Antanas"]
[Result "1-0"]
[WhiteElo "1542"]
[BlackElo "1997"]
[PlyCount "51"]
[EventDate "2016.02.21"]
[EventType "team-swiss"]
[EventRounds "6"]
[EventCountry "LTU"]
[SourceTitle "EXT 2017"]
[Source "ChessBase"]
[SourceDate "2016.10.25"]
[SourceVersion "1"]
[SourceVersionDate "2016.10.25"]
[SourceQuality "1"]

1. d4 d5 2. c4 c6 3. cxd5 cxd5 4. Nc3 Nf6 5. Bf4 Nc6 6. e3 Bf5 7. Bd3 Bxd3 8. Qxd3 e6 9. h3 Bd6 10. Bxd6 Qxd6 11. f4 0-0 12. Nf3 Rac8 13. 0-0 Nb4 14. Qb1 Nd7 15. a3 Nc6 16. Qd3 f6 17. b4 Nb6 18. Nd2 e5 19. fxe5 fxe5 20. dxe5 Nxe5 21. Rxf8+ Rxf8 22. Qd4 Qe6 23. e4 Rd8 24. exd5 Nxd5 25. Nxd5 Rxd5 26. Qe3 1-0

[Event "LTU Grand Prix-chT"]
[Site "Kaunas"]
[Date "2016.02.21"]
[Round "1.5"]
[White "Silkaitis, Laimis"]
[Black "Biveynis, Alexander"]
[Result "1-0"]
[WhiteElo "1542"]
[BlackElo "1336"]
[PlyCount "97"]
[EventDate "2016.02.21"]
[EventType "team-swiss"]
[EventRounds "6"]
[EventCountry "LTU"]
[SourceTitle "EXT 2017"]
[Source "ChessBase"]
[SourceDate "2016.10.25"]
[SourceVersion "1"]
[SourceVersionDate "2016.10.25"]
[SourceQuality "1"]

1. d4 Nf6 2. c4 g6 3. Nc3 Bg7 4. e4 d6 5. Nf3 0-0 6. Be2 c5 7. Be3 Nbd7 8. h3 b6 9. 0-0 Bb7 10. d5 Ne5 11. Nxe5 dxe5 12. f4 Qc7 13. Qc2 Rad8 14. Rad1 a6 15. fxe5 Nh5 16. Bxh5 gxh5 17. Qe2 Bxe5 18. Qxh5 Bg7 19. Rf3 Kh8 20. Bf4 e5 21. Bh6 Bxh6 22. Qxh6 Qd6 23. Rf6 Qe7 24. Rxb6 f5 25. Rf1 f4 26. Re6 Qf7 27. Qg5 Rg8 28. Qxe5+ Rg7 29. Rxf4 Qd7 30. Rg4 Rdg8 31. Rxg7 Qxg7 32. Qxg7+ Rxg7 33. Re8+ Rg8 34. Rxg8+ Kxg8 35. Na4 Kf7 36. Nxc5 Bc8 37. Kf2 Kf6 38. Kf3 Ke5 39. Ke3 a5 40. Nb3 Bd7 41. Nxa5 Be8 42. Nc6+ Kd6 43. Kf4 h6 44. b4 h5 45. c5+ Kd7 46. Ne5+ Ke7 47. d6+ Ke6 48. d7 Bxd7 49. Nxd7 1-0

[Event "Kaunas Naujametinis U16 op"]
[Site "Kaunas"]
[Date "2016.01.04"]
[Round "2"]
[White "Silkaitis, Laimis"]
[Black "Dadurka, Povilas"]
[Result "1-0"]
[WhiteElo "1522"]
[BlackElo "1274"]
[PlyCount "59"]
[EventDate "2016.01.04"]
[EventType "swiss"]
[EventRounds "6"]
[EventCountry "LTU"]
[SourceTitle "CBM 170 Extra"]
[Source "ChessBase"]
[SourceDate "2016.02.25"]
[SourceVersion "1"]
[SourceVersionDate "2016.02.25"]
[SourceQuality "1"]

1. d4 Nf6 2. c4 e6 3. Nf3 d5 4. Nc3 Bb4 5. Qb3 Nc6 6. Bg5 Be7 7. e3 0-0 8. cxd5 exd5 9. Bxf6 Bxf6 10. Qxd5 Nb4 11. Qb3 a5 12. a3 Be6 13. Qd1 Nd5 14. Bd3 c5 15. 0-0 c4 16. Be2 Bg5 17. Nxd5 Bxd5 18. Nxg5 Qxg5 19. Bf3 Ra6 20. Bxd5 Qxd5 21. Qf3 Qb5 22. Qe2 Rb6 23. Rab1 Rc8 24. g3 Qf5 25. Rbc1 Qb5 26. Rc2 Rbc6 27. Rfc1 Qb3 28. Rc3 Qb5 29. b3 cxb3 30. Qxb5 1-0

[Event "EU Amateur-ch"]
[Site "Kaunas"]
[Date "2015.08.16"]
[Round "9"]
[White "Silkaitis, Laimis"]
[Black "Kharitonov, Ivan"]
[Result "1-0"]
[WhiteElo "1464"]
[BlackElo "1755"]
[PlyCount "41"]
[EventDate "2015.08.09"]
[EventType "swiss"]
[EventRounds "9"]
[EventCountry "LTU"]
[SourceTitle "CBM 167 Extra"]
[Source "ChessBase"]
[SourceDate "2015.09.14"]
[SourceVersion "1"]
[SourceVersionDate "2015.09.14"]
[SourceQuality "1"]

1. d4 Nf6 2. c4 g6 3. Nc3 Bg7 4. e4 d6 5. Nf3 0-0 6. Be2 Nbd7 7. 0-0 e5 8. h3 exd4 9. Nxd4 Nc5 10. f3 Ne6 11. Be3 Nh5 12. Nxe6 Bxe6 13. Bf2 Nf4 14. Be3 Qg5 15. Bxf4 Qxf4 16. Qc1 Qg3 17. Qe1 Qg5 18. Qc1 Qc5+ 19. Kh1 Bxc4 20. Na4 Qa5 21. Qxc4 1-0